Tebtynis VII : Greek ostraca from Tebtynis dated to the Ptolemaic and Roman periods /
المؤلف الرئيسي:
التنسيق: كتاب
اللغة: English
منشور في:
Cairo :
Institut français d'archéologie orientale,
2025.
سلاسل:
DFIFAO ;
54
الموضوعات:
الوسوم: إضافة وسم
رقم الطلب: (F)DT57 .C181 v.54
| LEADER | 00767nam a22002057a 4500 | ||
|---|---|---|---|
| 003 | OSt | ||
| 005 | 20260429130813.0 | ||
| 008 | 260427t2025||||ua ae |||||||||| ||eng|| | ||
| 020 | |a 9782724710915 | ||
| 050 | 1 | 4 | |a (F)DT57 |b .C181 v.54 |
| 100 | 0 | |a Nikos Litinas. |d Author | |
| 245 | 1 | 0 | |a Tebtynis VII : |b Greek ostraca from Tebtynis dated to the Ptolemaic and Roman periods / |c Nikos Litinas. |
| 264 | 1 | |a Cairo : |b Institut français d'archéologie orientale, |c 2025. | |
| 300 | |a 359 Page : |b illustrations (some color), plans (some folded) ; |c 31 cm. | ||
| 490 | 0 | |a DFIFAO ; |v 54 | |
| 650 | 4 | |a Excavations (Archaeology) | |
| 650 | 4 | |a Greek Ostraca from Tebtynis dated to the Ptolemaic and Roman Periods | |
| 650 | 4 | |a Tebtunis (Extinct city) | |
| 942 | |2 lcc |c BK | ||
| 999 | |c 61904 |d 61904 | ||
